|
|
|
|
| LEADER |
00000nam0a2200000 4500 |
| 001 |
182816 |
| 005 |
20231031171414.0 |
| 010 |
|
|
|a 5283019853
|
| 035 |
|
|
|a (RuTPU)RU\TPU\book\198178
|
| 090 |
|
|
|a 182816
|
| 100 |
|
|
|a 20100626d1990 km y0rusy50 ca
|
| 101 |
0 |
|
|a rus
|
| 102 |
|
|
|a RU
|
| 105 |
|
|
|a a z 001zy
|
| 200 |
1 |
|
|a Проектирование и строительство золоотвалов
|f Ю. М. Сысоев, Г. И. Кузнецов
|
| 210 |
|
|
|a Москва
|c Энергоатомиздат
|d 1990
|
| 215 |
|
|
|a 248 с.
|c ил.
|
| 320 |
|
|
|a Библиогр.: с. 246-249.
|
| 610 |
1 |
|
|a тепловые электрические станции
|
| 610 |
1 |
|
|a тепловые электростанции
|
| 610 |
1 |
|
|a золоотвалы
|
| 610 |
1 |
|
|a проектирование
|
| 610 |
1 |
|
|a строительство
|
| 610 |
1 |
|
|a Крайний Север
|
| 610 |
1 |
|
|a расчеты
|
| 610 |
1 |
|
|a гидроотвалы
|
| 610 |
1 |
|
|a температурный режим
|
| 675 |
|
|
|a 621.311.22.002.5:621.182
|v 3
|
| 700 |
|
1 |
|a Сысоев
|b Ю. М.
|g Юрий Митрофанович
|
| 701 |
|
1 |
|a Кузнецов
|b Г. И.
|g Георгий Иванович
|
| 801 |
|
1 |
|a RU
|b 63413507
|c 20100626
|
| 801 |
|
2 |
|a RU
|b 63413507
|c 20110204
|g RCR
|
| 942 |
|
|
|c BK
|